parliament of kenya (Record no. 97)
[ view plain ]
| 000 -LEADER | |
|---|---|
| fixed length control field | 00455nam a22001217a 4500 |
| 008 - FIXED-LENGTH DATA ELEMENTS--GENERAL INFORMATION | |
| fixed length control field | 230602b xxu||||| |||| 00| 0 eng d |
| 082 ## - DEWEY DECIMAL CLASSIFICATION NUMBER | |
| Classification number | 328.16 |
| Item number | CLE |
| 110 ## - MAIN ENTRY--CORPORATE NAME | |
| Subordinate unit | Procedural research and journal office (PRJ) |
| Location of meeting | national Assembly of kenya |
| 245 ## - TITLE STATEMENT | |
| Title | parliament of kenya |
| Remainder of title | The national Assembly |
| Statement of responsibility, etc. | Speaker;s Considered Rulings and Guidelines 2013-2017 |
| 260 ## - PUBLICATION, DISTRIBUTION, ETC. (IMPRINT) | |
| Place of publication, distribution, etc. | Parliament buildings |
| Name of publisher, distributor, etc. | The clerk of the National Assembly |
| 300 ## - PHYSICAL DESCRIPTION | |
| Extent | xiv,248p |
| 942 ## - ADDED ENTRY ELEMENTS (KOHA) | |
| Source of classification or shelving scheme | Dewey Decimal Classification |
| Koha item type | Books |
| Withdrawn status | Lost status | Source of classification or shelving scheme | Damaged status | Not for loan | Home library | Current library | Date acquired | Total Checkouts | Full call number | Barcode | Date last seen | Price effective from | Koha item type |
|---|---|---|---|---|---|---|---|---|---|---|---|---|---|
| Dewey Decimal Classification | Bunge Tower Library | Bunge Tower Library | 06/02/2023 | 328.16 CLE | 10002021 | 06/02/2023 | 06/02/2023 | Books |
